| 000 | 00425nam a22001697a 4500 | ||
|---|---|---|---|
| 003 | OSt | ||
| 008 | 241022b |||||||| |||| 00| 0 eng d | ||
| 020 | _a9781405140041 | ||
| 082 | _a687.2 MCF | ||
| 100 | _aMCKELVEY, Kathryn and MUNSLOW, Janine | ||
| 245 | _aFashion Forecasting | ||
| 250 | _a1st. ed. | ||
| 260 |
_aUnited Kingdom, _bWiley-Blackwell, _c2008, |
||
| 300 | _a223 p. | ||
| 650 | _aB.FAD. | ||
| 942 |
_2ddc _cREF |
||
| 999 |
_c12938 _d12938 |
||